书目信息 |
| 题名: |
论死生
|
|
| 作者: | 吴兴勇 著 | |
| 分册: | ||
| 出版信息: | 武汉 湖北人民出版社 2006.01 |
|
| 页数: | 306页 | |
| 开本: | 24cm | |
| 丛书名: | ||
| 单 册: | ||
| 中图分类: | B083 | |
| 科图分类: | ||
| 主题词: | 生命哲学--sheng ming zhe xue--研究 , 死亡哲学--si wang zhe xue--研究 | |
| 电子资源: | ||
| ISBN: | 7-216-04483-5 | |
| 000 | 00788nam0 2200229 450 | |
| 001 | 012006227345 | |
| 005 | 20060630165028.75 | |
| 010 | @a7-216-04483-5@dCNY36.00 | |
| 100 | @a20060610d2006 km y0chiy0120 ea | |
| 101 | 0 | @achi |
| 102 | @aCN@b420000 | |
| 105 | @aa z 000yy | |
| 200 | 1 | @a论死生@Alun si sheng@f吴兴勇著@Fwu xing yong zhu |
| 210 | @a武汉@c湖北人民出版社@d2006.01 | |
| 215 | @a306页@c图@d24cm | |
| 330 | @a本书对人们忌讳谈论的禁区—死亡现象进行了全面、深入的探讨。本书告诉读者:死亡并不可怕,可怕的是对死亡的恐惧,人只有消除了这种恐惧,才能延年益寿。 | |
| 606 | 0 | @a生命哲学@Asheng ming zhe xue@x研究 |
| 606 | 0 | @a死亡哲学@Asi wang zhe xue@x研究 |
| 690 | @aB083@v4 | |
| 701 | 0 | @a吴兴勇@Awu xing yong@4著 |
| 801 | 0 | @aCN@bQSSK@c20060630 |
| 905 | @a10447@dB083@eW898 | |
| 论死生/吴兴勇著.-武汉:湖北人民出版社,2006.01 |
| 306页:图;24cm |
| ISBN 7-216-04483-5:CNY36.00 |
| 本书对人们忌讳谈论的禁区—死亡现象进行了全面、深入的探讨。本书告诉读者:死亡并不可怕,可怕的是对死亡的恐惧,人只有消除了这种恐惧,才能延年益寿。 |
| ● |
| 相关链接 |
|
|
|
正题名:论死生
索取号:B083/W898
 
预约/预借
| 序号 | 登录号 | 条形码 | 馆藏地/架位号 | 状态 | 备注 |
| 1 | 582688 | 205826882 | 社科库509/509社科库 7排4列1层/ [索取号:B083/W898] | 在馆 | |
| 2 | 582689 | 205826891 | 社科库509/509社科库 7排4列1层/ [索取号:B083/W898] | 在馆 | |
| 3 | 582690 | 205826908 | 社科库509/509社科库 7排4列1层/ [索取号:B083/W898] | 在馆 |